<?xml version="1.0" encoding="UTF-8"?>
<record
    xmlns:xsi="http://www.w3.org/2001/XMLSchema-instance"
    xsi:schemaLocation="http://www.loc.gov/MARC21/slim http://www.loc.gov/standards/marcxml/schema/MARC21slim.xsd"
    xmlns="http://www.loc.gov/MARC21/slim">

  <leader>01395nam a22002657a 4500</leader>
  <controlfield tag="005">20170124103220.0</controlfield>
  <datafield tag="010" ind1=" " ind2=" ">
    <subfield code="a">B-197858</subfield>
  </datafield>
  <datafield tag="020" ind1=" " ind2=" ">
    <subfield code="c">300.00</subfield>
    <subfield code="a">8170004047</subfield>
  </datafield>
  <datafield tag="035" ind1=" " ind2=" ">
    <subfield code="a">B-197858</subfield>
  </datafield>
  <datafield tag="037" ind1=" " ind2=" ">
    <subfield code="b">Cen Lib/Ret</subfield>
  </datafield>
  <datafield tag="040" ind1=" " ind2=" ">
    <subfield code="a">DPL</subfield>
    <subfield code="b">HN</subfield>
  </datafield>
  <datafield tag="082" ind1=" " ind2=" ">
    <subfield code="a">020</subfield>
    <subfield code="b">&#x932;&#x93E;&#x932;&#x938;&#x940; </subfield>
  </datafield>
  <datafield tag="100" ind1=" " ind2=" ">
    <subfield code="a">&#x932;&#x93E;&#x932;, &#x938;&#x940;.</subfield>
    <subfield code="9">100811</subfield>
  </datafield>
  <datafield tag="245" ind1=" " ind2=" ">
    <subfield code="a">&#x917;&#x94D;&#x930;&#x928;&#x94D;&#x925;&#x93E;&#x932;&#x92F; &#x90F;&#x935;&#x92E;&#x94D; &#x938;&#x942;&#x91A;&#x928;&#x93E; &#x935;&#x93F;&#x91C;&#x94D;&#x91E;&#x93E;&#x928; &#x905;&#x927;&#x94D;&#x92F;&#x94D;&#x92F;&#x928; &#x92E;&#x93E;&#x932;&#x93E; : &#x90F;&#x92E;.&#x932;&#x93F;&#x92C;.&#x92A;&#x930;&#x940;&#x915;&#x94D;&#x937;&#x93E;&#x913;&#x902; &#x939;&#x947;&#x924;&#x941; :</subfield>
    <subfield code="c">&#x938;&#x940;.&#x932;&#x93E;&#x932; [&#x914;&#x930;] &#x915;&#x947;.&#x915;&#x941;&#x92E;&#x93E;&#x930; </subfield>
    <subfield code="b">&#x938;&#x942;&#x91A;&#x928;&#x93E; &#x938;&#x94D;&#x924;&#x94D;&#x930;&#x94B;&#x924; &#x90F;&#x935;&#x92E;&#x94D; &#x938;&#x947;&#x935;&#x93E;&#x90F;&#x901; /</subfield>
  </datafield>
  <datafield tag="246" ind1=" " ind2=" ">
    <subfield code="a">Granthalaya ewam soochna vigyan adhhyan mala : M.Lib.parikshaon hetu : soochna strot ewam sevaen /</subfield>
    <subfield code="b">by C.Lal [aur] K.Kumar </subfield>
  </datafield>
  <datafield tag="260" ind1=" " ind2=" ">
    <subfield code="a">&#x928;&#x908; &#x926;&#x93F;&#x932;&#x94D;&#x932;&#x940; </subfield>
    <subfield code="b">&#x90F;&#x938;.&#x90F;&#x938;.&#x92A;&#x92C;&#x94D;&#x932;&#x93F;&#x915;&#x947;&#x936;&#x928;&#x94D;&#x938; </subfield>
    <subfield code="c">2004</subfield>
  </datafield>
  <datafield tag="270" ind1=" " ind2=" ">
    <subfield code="a">4837/24, &#x905;&#x902;&#x938;&#x93E;&#x930;&#x940; &#x930;&#x94B;&#x921;, &#x926;&#x930;&#x93F;&#x92F;&#x93E;&#x917;&#x902;&#x91C;</subfield>
    <subfield code="b">&#x928;&#x908; &#x926;&#x93F;&#x932;&#x94D;&#x932;&#x940; </subfield>
    <subfield code="e">110002</subfield>
  </datafield>
  <datafield tag="300" ind1=" " ind2=" ">
    <subfield code="a">188&#x92A;&#x943;. </subfield>
    <subfield code="c">20&#x938;&#x947;&#x92E;&#x940;(&#x938;&#x91C;&#x93F;&#x932;&#x94D;&#x926;)</subfield>
  </datafield>
  <datafield tag="650" ind1=" " ind2=" ">
    <subfield code="a">&#x92A;&#x941;&#x938;&#x94D;&#x924;&#x915;&#x93E;&#x932;&#x92F; &#x935;&#x93F;&#x91C;&#x94D;&#x91E;&#x93E;&#x928;</subfield>
    <subfield code="9">100812</subfield>
  </datafield>
  <datafield tag="650" ind1=" " ind2=" ">
    <subfield code="a">&#x90F;&#x92E;.&#x932;&#x93F;&#x92C;. -- &#x92A;&#x94D;&#x930;&#x936;&#x94D;&#x928; &#x92A;&#x924;&#x94D;&#x930;</subfield>
    <subfield code="9">100813</subfield>
  </datafield>
  <datafield tag="650" ind1=" " ind2=" ">
    <subfield code="a">Library Science </subfield>
    <subfield code="9">100814</subfield>
  </datafield>
  <datafield tag="650" ind1=" " ind2=" ">
    <subfield code="a">M.Lib. -- question paper</subfield>
    <subfield code="9">100815</subfield>
  </datafield>
  <datafield tag="700" ind1=" " ind2=" ">
    <subfield code="a">&#x915;&#x947;.&#x915;&#x941;&#x92E;&#x93E;&#x930; </subfield>
    <subfield code="9">67402</subfield>
  </datafield>
  <datafield tag="942" ind1=" " ind2=" ">
    <subfield code="2">ddc</subfield>
    <subfield code="c">HN</subfield>
    <subfield code="h">020</subfield>
    <subfield code="m">&#x932;&#x93E;&#x932;&#x938;&#x940; </subfield>
  </datafield>
  <datafield tag="999" ind1=" " ind2=" ">
    <subfield code="c">121771</subfield>
    <subfield code="d">121771</subfield>
  </datafield>
  <datafield tag="952" ind1=" " ind2=" ">
    <subfield code="0">0</subfield>
    <subfield code="1">0</subfield>
    <subfield code="4">0</subfield>
    <subfield code="7">0</subfield>
    <subfield code="a">L</subfield>
    <subfield code="b">L</subfield>
    <subfield code="d">2015-10-13</subfield>
    <subfield code="e">Cen Lib/Ret</subfield>
    <subfield code="g">300.00</subfield>
    <subfield code="l">5</subfield>
    <subfield code="m">2</subfield>
    <subfield code="o">020 &#x932;&#x93E;&#x932;&#x938;&#x940;</subfield>
    <subfield code="p">B-197858</subfield>
    <subfield code="r">2024-02-17 00:00:00</subfield>
    <subfield code="s">2024-02-08</subfield>
    <subfield code="t">1</subfield>
    <subfield code="v">300.00</subfield>
    <subfield code="w">2015-10-13</subfield>
    <subfield code="y">HN</subfield>
  </datafield>
</record>
